000 00917cam a22002893a 4500
001 20305
003 PGUSA
005 20140828083429.0
008 070107s2007||||xxu|||||s|||||000 1 eng d
040 _aPGUSA
_beng
042 _adc
050 4 _aPS
100 1 _aKing, Charles,
_d1844-1933
245 1 0 _aMarion's Faith.
_h[electronic resource] /
_cCharles King
260 _bProject Gutenberg,
_c2007
500 _a"A sequel to The Colonel's Daughter."
506 _aPublic domain in the USA.
516 _aElectronic text
653 _aWest (U.S.) -- Social life and customs -- Fiction
653 _aSoldiers -- West (U.S.) -- Fiction
653 _aUnited States. Army -- Military life -- Fiction
653 _aFrontier and pioneer life -- West (U.S.) -- Fiction
653 _aWestern stories
830 0 _aProject Gutenberg
_v20305
856 4 0 _uhttp://www.gutenberg.org/ebooks/20305
942 _cEB
999 _c249560
_d249560